000 00838nam a22002537a 4500
999 _c22522
_d22522
003 AR-CdUCM
008 190409b ||||| |||| 00| 0 spa d
020 _a9786124815812
040 _aMUNICIPALIDAD PROVINCIAL DEL CUSCO
_cBIBLIOTECA MUNICIPAL DEL CUSCO
082 _a344.51/F25
_bF25
100 _aFarfán Rodríguez, Carlos
_948417
245 _aEl fracaso del tipo penal del género :
_bfeminicidio /
_cCarlos Farfán Rodríguez
260 _aLima :
_bNocaut Ediciones,
_bAaveha,
_c2020.
300 _a191 páginas. :
_c21 cm.
500 _zBibliografía: páginas 181-188.
650 _aMujeres
_93760
650 _aAsesinato
_910439
650 _aDelitos contra la vida
_948418
650 _aDiferencias sexuales
_92352
650 _aCrimen
_916814
650 _aAspectos sociales
_9262
942 _2ddc
_cLIBROS
945 _arac